000 00657nam a2200193Ia 4500
008 151119s9999||||xx |||||||||||||| ||und||
082 _a915.4
082 _bGKKV26988
100 _aलोटलीकर रसिका
245 _aवंडर्स आफ सेव्हन सिस्टर्स
260 _a--
260 _b--
260 _c0
600 _aलोटलीकर रसिका
630 _aवंडर्स आफ सेव्हन सिस्टर्स
700 _aलोटलीकर रसिका
730 _aवंडर्स आफ सेव्हन सिस्टर्स
942 _cBOOK
999 _c1079443
_d1079440